000 00777nam a22002657a 4500
008 240821b mp ||||| |||| 00| 0 mon d
020 _a99929-0-471-2
035 _a2251
040 _aDXO45059
_bmon
_cMN-UlNLM
_dMN-UlNLM
_erda
041 _amon
082 _210-t
_a598.8
_bА.35
100 _aАйгнэр Э
245 0 _aДууч шувууд
245 0 _bМонсудар хэвлэлийн газар
245 0 _c/Ред. Г.Гантогтох
264 _aУБ
_bАдмон
_c2009
300 _a20х.
336 _2rdacontent
_atext
_btxt
337 _2rdamedia
_aunmediated
_bn
338 _2rdacarrier
_avolume
_bnc
505 _tБайгалийн ухаан; Амьтан; 0; 0; 0
650 _aСалбар
942 _210-t
_cBK
999 _c1127670
_d1127727